[Event "Petrozavodsk Karelian Autumn"]
[Site "Petrozavodsk"]
[Date "2013.10.14"]
[Round "4"]
[White "Starshinov, Mikhail M"]
[Black "Nasonov, Vadim"]
[Result "0-1"]
[WhiteElo "2042"]
[BlackElo "2135"]
[PlyCount "62"]
[EventDate "2013.10.12"]
[EventType "swiss"]
[EventRounds "9"]
[EventCountry "RUS"]
[SourceTitle "EXT 2014"]
[Source "ChessBase"]
[SourceDate "2013.11.20"]
[SourceVersion "1"]
[SourceVersionDate "2013.11.20"]
[SourceQuality "1"]

1. d4 d5 2. Nf3 e6 3. c4 Nf6 4. Bg5 Be7 5. Nc3 b6 6. e3 Bb7 7. Bd3 Nbd7 8. cxd5 Nxd5 9. Bxe7 Qxe7 10. 0-0 0-0 11. Rc1 c5 12. Nxd5 Bxd5 13. Bb1 cxd4 14. Qxd4 Rac8 15. Qh4 Qxh4 16. Nxh4 Ne5 17. e4 Bc4 18. Rfd1 Be2 19. Re1 g5 20. Rc3 Rxc3 21. bxc3 Rd8 22. f4 gxf4 23. Kf2 Bc4 24. Nf3 Nxf3 25. Kxf3 e5 26. g3 fxg3 27. hxg3 Rd2 28. a3 Rb2 29. Kg4 Be6+ 30. Kg5 Kg7 31. Rd1 h6+ 0-1

[Event "Petrozavodsk Karelian Autumn"]
[Site "Petrozavodsk"]
[Date "2013.10.12"]
[Round "1"]
[White "Velikodvorskaya, Regina"]
[Black "Starshinov, Mikhail M"]
[Result "0-1"]
[WhiteElo "1670"]
[BlackElo "2042"]
[PlyCount "96"]
[EventDate "2013.10.12"]
[EventType "swiss"]
[EventRounds "9"]
[EventCountry "RUS"]
[SourceTitle "EXT 2014"]
[Source "ChessBase"]
[SourceDate "2013.11.20"]
[SourceVersion "1"]
[SourceVersionDate "2013.11.20"]
[SourceQuality "1"]

1. Nf3 d5 2. g3 Nf6 3. d3 g6 4. Bg2 Bg7 5. 0-0 0-0 6. Re1 Nc6 7. Nbd2 d4 8. Nf1 Nd5 9. a3 h6 10. e4 dxe3 11. Nxe3 Nxe3 12. Rxe3 Be6 13. c3 Qd6 14. d4 Na5 15. Nd2 Rad8 16. b4 Nc6 17. Ne4 Qd7 18. Nc5 Qc8 19. Bxc6 bxc6 20. Nxe6 fxe6 21. Qa4 e5 22. Qxc6 Qf5 23. Qc4+ Kh7 24. Qe2 exd4 25. cxd4 Bxd4 26. Rxe7+ Kg8 27. Bb2 Bxf2+ 28. Kg2 Qd5+ 29. Qe4 Qxe4+ 30. Rxe4 Rd2 31. Bc3 Rc2 32. Rd1 Rxc3 33. Re6 Kf7 34. Re2 Bb6 35. Rd7+ Kg8 36. Ree7 Rf2+ 37. Kh3 Kf8 38. Re6 Rcc2 39. Rxg6 Rxh2+ 40. Kg4 Rcf2 41. Rh7 h5+ 42. Rxh5 Rxh5 43. Kxh5 Ra2 44. Rf6+ Kg7 45. Rf3 Bd4 46. g4 Bf6 47. g5 Rh2+ 48. Kg4 Rg2+ 0-1

[Event "Kemerovo-ch1"]
[Site "Kemerovo"]
[Date "2009.02.15"]
[Round "8"]
[White "Starshinov, Mikhail M"]
[Black "Everzov, Igor N"]
[Result "1/2-1/2"]
[WhiteElo "2049"]
[BlackElo "1815"]
[PlyCount "50"]
[EventDate "2009.01.27"]
[EventType "tourn"]
[EventRounds "9"]
[EventCountry "RUS"]
[SourceTitle "EXT 2012"]
[Source "ChessBase"]
[SourceDate "2011.11.24"]
[SourceVersion "1"]
[SourceVersionDate "2011.11.24"]
[SourceQuality "1"]

1. e4 e5 2. Nf3 Nc6 3. Bb5 a6 4. Ba4 Nf6 5. 0-0 Be7 6. Re1 b5 7. Bb3 d6 8. c3 0-0 9. d4 Na5 10. Bc2 c5 11. h3 Qc7 12. Nbd2 cxd4 13. cxd4 Nc6 14. Nb3 a5 15. Be3 a4 16. Nbd2 Bd7 17. Rc1 Qb8 18. Nf1 Na5 19. b3 axb3 20. axb3 Nc6 21. Ng3 Ra3 22. Qd2 b4 23. Bg5 Rd8 24. Nf5 Bxf5 25. exf5 Ra2 1/2-1/2

[Event "Kemerovo-ch1"]
[Site "Kemerovo"]
[Date "2009.02.01"]
[Round "4"]
[White "Starshinov, Mikhail M"]
[Black "Everzov, Nikolay I"]
[Result "1/2-1/2"]
[WhiteElo "2049"]
[BlackElo "1782"]
[PlyCount "45"]
[EventDate "2009.01.27"]
[EventType "tourn"]
[EventRounds "9"]
[EventCountry "RUS"]
[SourceTitle "EXT 2012"]
[Source "ChessBase"]
[SourceDate "2011.11.24"]
[SourceVersion "1"]
[SourceVersionDate "2011.11.24"]
[SourceQuality "1"]

1. d4 d5 2. Nf3 Nf6 3. e3 Bg4 4. Nbd2 Nc6 5. h3 Bh5 6. c3 h6 7. Qa4 Nd7 8. Bb5 e6 9. Bxc6 bxc6 10. Qxc6 Rb8 11. Ne5 Rb6 12. Qxd7+ Qxd7 13. Nxd7 Kxd7 14. e4 dxe4 15. Nxe4 Bg6 16. f3 Be7 17. b4 Rd8 18. Ke2 Ke8 19. Be3 Ra6 20. a4 Bxe4 21. fxe4 Rad6 22. b5 Bg5 23. Bf2 1/2-1/2

[Event "Kemerovo-ch1"]
[Site "Kemerovo"]
[Date "2009.01.28"]
[Round "2"]
[White "Starshinov, Mikhail M"]
[Black "Simonov, Dmitry A"]
[Result "1/2-1/2"]
[WhiteElo "2049"]
[BlackElo "1743"]
[PlyCount "48"]
[EventDate "2009.01.27"]
[EventType "tourn"]
[EventRounds "9"]
[EventCountry "RUS"]
[SourceTitle "EXT 2012"]
[Source "ChessBase"]
[SourceDate "2011.11.24"]
[SourceVersion "1"]
[SourceVersionDate "2011.11.24"]
[SourceQuality "1"]

1. e4 e5 2. Nf3 Nc6 3. Bb5 a6 4. Ba4 Nf6 5. 0-0 Be7 6. Re1 b5 7. Bb3 d6 8. d3 Na5 9. Be3 Nxb3 10. axb3 Bb7 11. Nbd2 c5 12. c3 0-0 13. h3 h6 14. c4 bxc4 15. bxc4 Qb6 16. Qc2 Rfb8 17. Reb1 Qc7 18. b4 cxb4 19. Rxb4 Bc8 20. Rxb8 Qxb8 21. Nb3 Bd8 22. Bd2 Nd7 23. Rb1 Qc7 24. Ba5 Nb6 1/2-1/2

[Event "Kemerovo-ch1"]
[Site "Kemerovo"]
[Date "2009.01.27"]
[Round "1"]
[White "Tarasov, Andrey V"]
[Black "Starshinov, Mikhail M"]
[Result "0-1"]
[WhiteElo "1774"]
[BlackElo "2049"]
[PlyCount "72"]
[EventDate "2009.01.27"]
[EventType "tourn"]
[EventRounds "9"]
[EventCountry "RUS"]
[SourceTitle "EXT 2012"]
[Source "ChessBase"]
[SourceDate "2011.11.24"]
[SourceVersion "1"]
[SourceVersionDate "2011.11.24"]
[SourceQuality "1"]

1. c4 Nf6 2. Nc3 e5 3. g3 c6 4. Bg2 d5 5. d4 dxc4 6. dxe5 Qxd1+ 7. Nxd1 Bb4+ 8. Nc3 Nd5 9. Bd2 Bxc3 10. bxc3 Nd7 11. Nf3 Nc5 12. Nd4 0-0 13. 0-0 Be6 14. e4 Nb6 15. Rab1 Rad8 16. Bg5 Rd7 17. Be3 Nba4 18. Rb4 Nxc3 19. Nxe6 Ne2+ 20. Kh1 Nxe6 21. Rxc4 Rfd8 22. Bh3 h6 23. Bxa7 b5 24. Rc2 Rxa7 25. Rxe2 c5 26. Bxe6 fxe6 27. f4 Kf7 28. f5 Rb8 29. f6 c4 30. fxg7+ Kxg7 31. Rf6 Rba8 32. Rxe6 c3 33. Rb6 Rxa2 34. Rxa2 Rxa2 35. Rxb5 c2 36. Rc5 Kf7 0-1

[Event "Petrozavodsk A1"]
[Site "Petrozavodsk"]
[Date "2008.10.17"]
[Round "10"]
[White "Toivonen, Alexander"]
[Black "Starshinov, Mikhail M"]
[Result "1-0"]
[WhiteElo "2267"]
[BlackElo "2104"]
[PlyCount "53"]
[EventDate "2008.10.08"]
[EventType "tourn"]
[EventRounds "11"]
[EventCountry "RUS"]
[SourceTitle "EXT 2010"]
[Source "ChessBase"]
[SourceDate "2010.11.25"]
[SourceVersion "1"]
[SourceVersionDate "2010.11.25"]
[SourceQuality "1"]

1. d4 Nf6 2. c4 e6 3. Nc3 c5 4. d5 exd5 5. cxd5 d6 6. e4 g6 7. f4 Bg4 8. Nf3 Bg7 9. Bb5+ Bd7 10. Be2 0-0 11. 0-0 Re8 12. e5 dxe5 13. fxe5 Ng4 14. Bg5 Qb6 15. d6 Nxe5 16. Nd5 Nxf3+ 17. Bxf3 Bd4+ 18. Kh1 Qxd6 19. Nf6+ Kg7 20. Nxe8+ Bxe8 21. Bxb7 Bc6 22. Bxa8 Bxa8 23. Bf6+ Kg8 24. Bxd4 cxd4 25. Rc1 Be4 26. Rc8+ Kg7 27. Rxb8 1-0

[Event "Petrozavodsk A1"]
[Site "Petrozavodsk"]
[Date "2008.10.12"]
[Round "6"]
[White "Yakkimaienen, Vjaino"]
[Black "Starshinov, Mikhail M"]
[Result "1-0"]
[WhiteElo "2294"]
[BlackElo "2104"]
[PlyCount "77"]
[EventDate "2008.10.08"]
[EventType "tourn"]
[EventRounds "11"]
[EventCountry "RUS"]
[SourceTitle "EXT 2010"]
[Source "ChessBase"]
[SourceDate "2010.11.25"]
[SourceVersion "1"]
[SourceVersionDate "2010.11.25"]
[SourceQuality "1"]

1. c4 c5 2. Nf3 Nc6 3. Nc3 g6 4. e3 Bg7 5. d4 b6 6. d5 Nb8 7. e4 d6 8. h3 Nf6 9. Bf4 0-0 10. Qd2 Re8 11. Bd3 Nbd7 12. 0-0 Nh5 13. Bh2 Ne5 14. Nxe5 dxe5 15. Be2 Nf6 16. f4 exf4 17. Qxf4 Rf8 18. e5 Ne8 19. Rf2 f6 20. Raf1 Nc7 21. exf6 Bxf6 22. Qxc7 Qxc7 23. Bxc7 Bd4 24. Bf3 Ba6 25. Kh1 Bxc4 26. d6 exd6 27. Bxa8 Bxf2 28. Bd5+ Bxd5 29. Nxd5 Bg3 30. Rxf8+ Kxf8 31. Bb8 Be5 32. Bxa7 Bxb2 33. Bxb6 Kf7 34. a4 Ke6 35. Ne3 Bc1 36. a5 Kd7 37. a6 Kc6 38. a7 Kb7 39. Nd5 1-0

[Event "Petrozavodsk A1"]
[Site "Petrozavodsk"]
[Date "2008.10.09"]
[Round "2"]
[White "Nechaeva, Marina"]
[Black "Starshinov, Mikhail M"]
[Result "1-0"]
[WhiteElo "2226"]
[BlackElo "2104"]
[PlyCount "62"]
[EventDate "2008.10.08"]
[EventType "tourn"]
[EventRounds "11"]
[EventCountry "RUS"]
[SourceTitle "EXT 2010"]
[Source "ChessBase"]
[SourceDate "2010.11.25"]
[SourceVersion "1"]
[SourceVersionDate "2010.11.25"]
[SourceQuality "1"]

1. d4 Nf6 2. c4 e6 3. Nc3 d5 4. Nf3 Nbd7 5. e3 c6 6. Qc2 Bd6 7. g4 h6 8. Bd2 dxc4 9. Bxc4 b5 10. Be2 Bb7 11. e4 Be7 12. g5 hxg5 13. Nxg5 a6 14. Rg1 Nf8 15. e5 Nd5 16. Qe4 Nxc3 17. bxc3 Bxg5 18. Rxg5 g6 19. h4 Qc7 20. a4 Nd7 21. Rg3 0-0-0 22. Bg5 Rde8 23. Qc2 Nb6 24. c4 Nxa4 25. c5 Rh7 26. Qd2 Reh8 27. Kf1 Nxc5 28. dxc5 Qxe5 29. Rc1 f6 30. Bf4 Qf5 31. Qd6 e5 1-0